| 000 | 00410cam a2200157ua 4500 | ||
|---|---|---|---|
| 041 |
_aeng _h |
||
| 082 |
_a371.2 _bCUL/AD |
||
| 100 | _aCulbertson, Jacle . | ||
| 245 | 0 | 0 |
_aAdministrative Relationships / _cCulbertson. _hTextual Documents |
| 260 |
_a : _bPrentice Hall Inc , _c1961. |
||
| 300 | _a517 ; . | ||
| 504 | _a | ||
| 700 | 1 | _aJacobson, PaulReller . | |
| 700 | 1 | _aThodpre, L . | |
| 999 |
_c11815 _d11815 |
||